| 000 | 00797nam a2200241 i 4500 | ||
|---|---|---|---|
| 001 | 14010 | ||
| 003 | ES-MaACL | ||
| 005 | 20250804054931.0 | ||
| 007 | t| | ||
| 008 | 980901s1967 fr ||||1| fre d | ||
| 080 | _a1 Anselmo, Santo, Arzobispo de Canterbury | ||
| 080 | _a231.1 | ||
| 100 | 1 |
_aMoreau, Joseph. _983212 |
|
| 245 | 1 | 0 |
_aPour ou contre l'insensé ? _b: essai sur la preuve anselmienne / _cpar Joseph Moreau. |
| 260 |
_aParis : _bJ. Vrin, _c1967. |
||
| 300 |
_a91 p. ; _c20 cm. |
||
| 490 | 1 | _aBibliothèque d'histoire de la philosophie | |
| 600 | 0 | 4 |
_aAnselmo _cSanto, Arzobispo de Canterbury. _921838 |
| 650 | 1 | 4 |
_aDios- _xExistencia _911904 |
| 830 | 0 |
_aBibliothèque d'histoire de la philosophie _9177275 |
|
| 852 |
_aES-MaACL _jL-21253 _bR.115738 |
||
| 999 |
_c14010 _d14010 |
||